Textbook of mechanical vibrations / (Record no. 64479)

MARC details
000 -LEADER
fixed length control field 00915nam a22002657a 4500
005 - DATE AND TIME OF LATEST TRANSACTION
control field 20120328151525.0
008 - FIXED-LENGTH DATA ELEMENTS--GENERAL INFORMATION
fixed length control field 120328t xxu||||| |||| 00| 0 eng d
010 ## - LCCN (DPL NO)
LC control number ENG-104905
020 ## - INTERNATIONAL STANDARD BOOK NUMBER
International Standard Book Number 9788120345249
Terms of availability 350.00
035 ## - SYSTEM CONTROL NUMBER
System control number EN-88438
037 ## - SOURCE OF ACQUISITION
Source of stock number/acquisition DBAD/PUB
040 ## - CATALOGING SOURCE
Original cataloging agency DPL
Language of cataloging Eng
082 ## - DEWEY DECIMAL CLASSIFICATION NUMBER
Classification number 531.32
100 ## - MAIN ENTRY--PERSONAL NAME
9 (RLIN) 44300
Personal name Dukkipati, Rao V.
245 ## - TITLE STATEMENT
Title Textbook of mechanical vibrations /
Statement of responsibility, etc by Rao V. Dukkipati [and] J. Srinivas
250 ## - EDITION STATEMENT
Edition statement 2nd ed
260 ## - PUBLICATION, DISTRIBUTION, ETC. (IMPRINT)
Place of publication, distribution, etc New Delhi
Name of publisher, distributor, etc PHI Learning
Date of publication, distribution, etc 2012
270 ## - ADDRESS
Address M-97, Connaught Circus
City New Delhi
Postal code 110001
300 ## - PHYSICAL DESCRIPTION
Extent xvi,463p. :
Dimensions 24cm(pbk)
Other physical details ill.
500 ## - GENERAL NOTE
General note Includes index
650 ## - SUBJECT ADDED ENTRY--TOPICAL TERM
Topical term or geographic name as entry element Vibration
9 (RLIN) 44483
700 ## - ADDED ENTRY--PERSONAL NAME
Personal name Srinivas, J.
9 (RLIN) 44484
942 ## - ADDED ENTRY ELEMENTS (KOHA)
Source of classification or shelving scheme Dewey Decimal Classification
Item type English Books
Call number suffix DUK
Classification part 531.32
Holdings
Withdrawn status Lost status Source of classification or shelving scheme Damaged status Not for loan Collection code Home library Current library Date acquired Source of acquisition Cost, normal purchase price Total Checkouts Full call number Barcode Date last seen Copy number Cost, replacement price Koha item type
    Dewey Decimal Classification   Not For Loan Non-fiction D.B.Act.Division D.B.Act.Division 28/03/2012 DBAD/PUB 350.00   531.32 DUK EN-88438 28/03/2012 1 350.00 English Books

© Delhi Public Library
Hit Counter
free hit counter